| 000 | 00614nam a2200169 i 4500 | ||
|---|---|---|---|
| 001 | 63071 | ||
| 003 | ES-MaACL | ||
| 005 | 20250827063210.0 | ||
| 007 | t| | ||
| 008 | 031128s1911 sp ||||1| spa d | ||
| 100 | 1 |
_aFernández-Victorio y Cociña, Antonio, _d1867-1925 _950155 |
|
| 245 | 1 | 0 |
_aAnatomo-fisio-patología del sistema nervioso o diagnóstico clínico de las enfermedades nerviosas y mentales / _cpor Antonio Fernández-Victorio y Cociña. |
| 260 |
_aBarcelona : _b[s.n., _c1911] ( _fLa Neotipia) |
||
| 300 |
_aXII, 467 p. ; _c19 cm. |
||
| 852 |
_aES-MaACL _jB-11653 |
||
| 999 |
_c63071 _d63071 |
||